000 00414nmm a2200145Ia 4500
008 251105s9999||||xx |||||||||||||||||und||
041 _aspa
100 _aCalderón de la Barca, Pedro
245 0 _aEntremés del convidado
264 _a[Madrid, España] :
_bSaga Egmont,
_c2020
300 _a50 páginas
650 _aSpanish theater
856 _uhttps://public.digitaliapublishing.com/a/99896
942 _cCF
999 _c106784
_d106784